00515nam a22001457a 4500003000500000038001800005082000800023100001800031245013500049264003300184300002300217650003800240700003300278856005800311NUST aNusrat Nadeem a200 aWajid Maryam aSAFETY-RELATED STRESS EFFECT ON SAFETY BEHAVIOR OF ENGINEERING STUDENTS THROUGH THE UTILIZATION OF SAFETY KNOWLEDGE/cMaryam Wajid aIslamabad,bNBS NUST,c2023. aill:b91,:c30,cm. aMS-Management and Human Resource  aSupervisor: Dr. Ayesha Abrar u http://10.250.8.41:8080/xmlui/handle/123456789/39229